[Event "Championnat de France - Open A"]
[Site "Belfort - SNPHHUATVS"]
[Date "2010.08.15"]
[Round "6.1"]
[White "Redon, Bruno"]
[Black "Ricter, Jean-Paul"]
[Result "0-1"]
[WhiteElo "2137"]
[BlackElo "2083"]
[Annotator "Rivier,Sylvain"]
[PlyCount "47"]
[EventDate "2010.??.??"]

1. c4 d6 2. Nc3 e5 3. g3 f5 4. Bg2 Nf6 5. e3 Be7 6. Nge2 O-O 7. O-O c6 8. b3
Na6 9. Bb2 Nc7 10. Qc2 Qe8 11. d3 Qh5 12. Rae1 Ne6 13. Bc1 Ng4 14. h3 Ng5 15.
f3 Nh6 16. Rf2 Bd7 17. d4 Ne6 18. d5 Ng5 19. h4 Ngf7 20. Kf1 g5 21. hxg5 Nxg5
22. Ng1 e4 23. f4 Ng4 24. Rd2 {suite illisible} 0-1

[Event "Championnat de France - Open A"]
[Site "Belfort - SNPHHUATVS"]
[Date "2010.08.15"]
[Round "6.2"]
[White "Ferry, Roger"]
[Black "Leuly, Max"]
[Result "1/2-1/2"]
[WhiteElo "2063"]
[BlackElo "2107"]
[PlyCount "58"]
[EventDate "2010.??.??"]

1. d4 Nf6 2. Nf3 g6 3. c4 Bg7 4. Nc3 O-O 5. g3 d5 6. Bg2 c6 7. O-O Ne4 8. Ne5
Nxc3 9. bxc3 f6 10. Nf3 dxc4 11. a4 Be6 12. e4 Na6 13. Qe2 Nc7 14. Rd1 Qc8 15.
Nd2 b5 16. axb5 cxb5 17. Ba3 Re8 18. Bc5 Na6 19. e5 Nxc5 20. Bxa8 Na4 21. Rxa4
bxa4 22. exf6 exf6 23. Bf3 Bf7 24. Qf1 f5 25. Be2 Qc7 26. Ra1 a3 27. Nf3 Qa5
28. Qc1 h6 29. Qd2 Rb8 1/2-1/2

[Event "Championnat de France - Open A"]
[Site "Belfort - SNPHHUATVS"]
[Date "2010.08.15"]
[Round "6.3"]
[White "Milesi, Laurent"]
[Black "Franck, Boris"]
[Result "0-1"]
[WhiteElo "2148"]
[BlackElo "2086"]
[PlyCount "74"]
[EventDate "2010.??.??"]

1. f4 g6 2. Nf3 d5 3. g3 Bg7 4. Bg2 c5 5. O-O Nc6 6. d3 Nf6 7. c3 O-O 8. Na3
Re8 9. Nh4 e5 10. f5 Ne7 11. fxg6 hxg6 12. Qe1 Nf5 13. Nxf5 gxf5 14. Nc2 d4 15.
e4 dxe3 16. Qxe3 Ng4 17. Qxc5 Qxd3 18. Nb4 Qe2 19. h3 Bf8 20. Qc7 Re7 21. Qd8
Ne3 22. Bxe3 Qxe3+ 23. Kh2 Rd7 24. Nd5 Qxg3+ 25. Kxg3 Rxd8 26. Rae1 Bd6 27. Kh4
Be6 28. b3 Bxd5 29. Bxd5 Be7+ 30. Kh5 Rxd5 31. Rxf5 f6 32. Kg6 Rd3 33. Rh5 Rf3
34. Rg1 Bc5 35. Rg4 Re8 36. Rgh4 Rg3+ 37. Kxf6 Be7+ 0-1

[Event "Championnat de France - Open A"]
[Site "Belfort - SNPHHUATVS"]
[Date "2010.08.15"]
[Round "6.4"]
[White "Schmitt, Fabien"]
[Black "Lambert, Adrien"]
[Result "1/2-1/2"]
[WhiteElo "2118"]
[BlackElo "2078"]
[PlyCount "25"]
[EventDate "2010.??.??"]

1. Nf3 g6 2. d4 Bg7 3. g3 f5 4. Bg2 Nf6 5. c4 O-O 6. O-O d6 7. Nc3 Qe8 8. d5 a5
9. Nd4 Na6 10. f3 Bd7 11. Be3 c6 12. Qd2 Nc7 13. Nc2 1/2-1/2

[Event "Championnat de France - Open A"]
[Site "Belfort - SNPHHUATVS"]
[Date "2010.08.15"]
[Round "6.5"]
[White "Defrance, Laurent"]
[Black "Lallement, Victor"]
[Result "1/2-1/2"]
[WhiteElo "2190"]
[BlackElo "2067"]
[PlyCount "57"]
[EventDate "2010.??.??"]

1. d4 d5 2. Nf3 Nf6 3. c4 c6 4. cxd5 cxd5 5. Nc3 Nc6 6. Bf4 Bf5 7. e3 e6 8. Qb3
Bb4 9. Bb5 O-O 10. O-O Bxc3 11. Qxc3 Rc8 12. Rfc1 Ne5 13. Qa3 Nxf3+ 14. gxf3 a6
15. Be2 Qd7 16. Rc5 Rc6 17. Rac1 Rfc8 18. b4 Nh5 19. Bg3 Nxg3 20. fxg3 f6 21.
b5 Rxc5 22. Rxc5 Rxc5 23. Qxc5 axb5 24. Bxb5 Qd8 25. a4 h5 26. Be2 Qd7 27. Bb5
Qd8 28. Be2 Qd7 29. Bb5 1/2-1/2

[Event "Championnat de France - Open A"]
[Site "Belfort - SNPHHUATVS"]
[Date "2010.08.15"]
[Round "6.6"]
[White "Stahl, Clement"]
[Black "Boutteville, Cesar"]
[Result "1-0"]
[WhiteElo "2100"]
[BlackElo "2131"]
[PlyCount "115"]
[EventDate "2010.??.??"]

1. e4 e5 2. Nf3 Nc6 3. Bc4 Nf6 4. d4 exd4 5. O-O Be7 6. e5 Ne4 7. Bd5 Nc5 8.
Re1 O-O 9. Nxd4 Nxd4 10. Qxd4 Ne6 11. Qd3 Nc5 12. Qg3 Kh8 13. Qf3 d6 14. Nc3 c6
15. Bc4 d5 16. Bf1 f6 17. Qh5 fxe5 18. Rxe5 Bf6 19. Bg5 Ne6 20. Bxf6 Qxf6 21.
Qe2 Bd7 22. Re1 Rae8 23. Qd2 Nf4 24. Rxe8 Bxe8 25. Nd1 Qg5 26. Qe3 Bd7 27. g3
Qg6 28. Qc5 Kg8 29. Re7 Nh3+ 30. Bxh3 Bxh3 31. Ne3 Qf6 32. f4 b6 33. Qa3 c5 34.
Qxa7 Qxb2 35. Kf2 Qd4 36. Ke2 h5 37. Qxb6 Bg4+ 38. Nxg4 hxg4 39. Qe6+ Kh8 40.
Qxg4 Qc4+ 41. Kf3 Qf1+ 42. Ke3 Qc1+ 43. Kf2 Qxc2+ 44. Re2 Qd3 45. Re5 Qd4+ 46.
Kg2 Qd2+ 47. Kh3 Qd3 48. Rh5+ Kg8 49. Qe6+ Rf7 50. Qxd5 Qf1+ 51. Kh4 Qf2 52. h3
g6 53. Rg5 Kf8 54. Qxc5+ Qxc5 55. Rxc5 Ra7 56. Rc2 Kf7 57. Kg4 Ra5 58. h4 1-0

[Event "Championnat de France - Open A"]
[Site "Belfort - SNPHHUATVS"]
[Date "2010.08.15"]
[Round "6.7"]
[White "Leroy, Olivier"]
[Black "Lebret, Jean-Michel"]
[Result "1-0"]
[WhiteElo "2085"]
[BlackElo "2128"]
[PlyCount "79"]
[EventDate "2010.??.??"]

1. e4 c5 2. Nf3 d6 3. d4 cxd4 4. Nxd4 Nf6 5. Nc3 g6 6. Be3 Bg7 7. f3 O-O 8. Qd2
Nc6 9. Bc4 Bd7 10. O-O-O Qa5 11. Bb3 Rfc8 12. g4 Ne5 13. h4 b5 14. h5 Nc4 15.
Bxc4 bxc4 16. Bh6 Bh8 17. Nf5 Bxf5 18. exf5 Rab8 19. hxg6 hxg6 20. Bf8 Nh5 21.
Rxh5 gxh5 22. Bxe7 f6 23. Bxd6 Rb7 24. Qe2 Qd8 25. Qe6+ Kh7 26. Rh1 Qe8 27. Qd5
Qf7 28. Rxh5+ Kg8 29. Qd4 Rd7 30. Ne4 Bg7 31. Rh1 Rcd8 32. Qc5 Bf8 33. Bxf8
Qxf8 34. Qxc4+ Kg7 35. Qc3 Rc8 36. Qe3 Kg8 37. Rh6 Rcd8 38. c3 Rg7 39. Nxf6+
Kf7 40. Qe6# 1-0

[Event "Championnat de France - Open A"]
[Site "Belfort - SNPHHUATVS"]
[Date "2010.08.15"]
[Round "6.8"]
[White "Achereiner, Guillaume"]
[Black "Prost, Frederic"]
[Result "1/2-1/2"]
[WhiteElo "2028"]
[BlackElo "2122"]
[PlyCount "108"]
[EventDate "2010.??.??"]

1. d4 d5 2. c4 e6 3. Nc3 c5 4. cxd5 cxd4 5. Qa4+ Bd7 6. Qxd4 exd5 7. Qxd5 Nc6
8. Nf3 Nf6 9. Qd1 Bc5 10. e3 Qe7 11. Be2 O-O-O 12. O-O g5 13. b4 Bxb4 14. Bb2
Rhg8 15. a3 Bc5 16. Nb5 Ne4 17. Nbd4 Kb8 18. Qc2 Rc8 19. Nxc6+ Rxc6 20. Qd3 Bc8
21. Nd4 Rb6 22. Rab1 f5 23. Ba1 Ka8 24. Rxb6 Bxb6 25. Qc4 Re8 26. Rc1 Bd7 27.
Bh5 Rf8 28. Bf3 g4 29. Bxe4 fxe4 30. Nb5 Bc6 31. Bd4 Qf7 32. Qxf7 Rxf7 33. Bxb6
axb6 34. Nd4 Rd7 35. Kf1 Rd6 36. Ke2 Rh6 37. Rh1 Kb8 38. h4 Kc7 39. g3 Rf6 40.
Rb1 Rd6 41. Rb4 Bd7 42. a4 Rd5 43. Nb5+ Bxb5+ 44. axb5 Re5 45. Kd2 Kd6 46. Rc4
h5 47. Kc3 Rc5 48. Kd4 Rxc4+ 49. Kxc4 Ke5 50. Kb3 Kd6 51. Kc4 Ke5 52. Kb3 Kd5
53. Kb4 Kd6 54. Kc4 Ke5 1/2-1/2

[Event "Championnat de France - Open A"]
[Site "Belfort - SNPHHUATVS"]
[Date "2010.08.15"]
[Round "6.9"]
[White "Armand, Jerome"]
[Black "Ollier, Milan"]
[Result "1/2-1/2"]
[WhiteElo "2008"]
[BlackElo "2116"]
[PlyCount "191"]
[EventDate "2010.??.??"]

1. e4 c5 2. Nf3 Nc6 3. b3 d6 4. Bb2 Nf6 5. Nc3 e5 6. Bc4 Be7 7. d3 O-O 8. h3
Rb8 9. O-O g6 10. Bc1 Nh5 11. Bh6 Re8 12. a4 Bf6 13. Nd5 Bh8 14. Ng5 Be6 15.
Nxe6 fxe6 16. Qg4 Na5 17. Bg5 Qd7 18. Bb5 Nc6 19. a5 Qf7 20. Nc3 Bf6 21. a6
Bxg5 22. Qxg5 Rec8 23. axb7 Rxb7 24. Ba6 Nd4 25. Bxb7 Qxb7 26. Ra2 Kg7 27. Rfa1
Ra8 28. Kf1 h6 29. Qh4 Qf7 30. Ne2 g5 31. Qg4 Nf6 32. Qg3 Nh5 33. Qe3 Nc6 34.
c3 a5 35. b4 cxb4 36. Qb6 Rf8 37. cxb4 Nxb4 38. Rxa5 Kg6 39. g4 Nf4 40. Ra7 Qf6
41. Qb7 Rf7 42. Qxf7+ Qxf7 43. Rxf7 Kxf7 44. Ra7+ Kf6 45. Nxf4 exf4 46. Ke2 Nc6
47. Rb7 Kg6 48. Rd7 Nd4+ 49. Kf1 Nb5 50. Re7 Nc3 51. Rxe6+ Kf7 52. Rxd6 f3 53.
Rc6 Ne2 54. e5 Nf4 55. Rc7+ Kg6 56. Re7 h5 57. d4 h4 58. Ke1 Nd3+ 59. Kd2 Nf4
60. Ke1 Nd3+ 61. Kf1 Nf4 62. Ra7 Nxh3 63. Ra3 Nf4 64. Rxf3 Nd5 65. Kg2 Kg7 66.
Kh2 Kg6 67. Rf8 Kg7 68. Rd8 Nf4 69. Rd7+ Kg6 70. Rc7 Kh6 71. Rc8 Kg7 72. Kh1
Kf7 73. Rd8 Kg7 74. Kg1 Kf7 75. Kh2 Kg7 76. Ra8 Kf7 77. Ra3 Kg6 78. Re3 Nd5 79.
Re4 Nc3 80. Re1 Nd5 81. Rc1 Kg7 82. Kg2 Kf7 83. Kf3 Kg7 84. Ke4 Nf4 85. Rc5 Kg6
86. Rc6+ Kf7 87. Kf3 Kg7 88. Rc7+ Kg6 89. Rd7 Kh6 90. Rd6+ Kg7 91. Rd7+ Kg6 92.
Re7 Kh6 93. d5 Nxd5 94. Rd7 Kg6 95. Rd6+ Kg7 96. Rd7+ 1/2-1/2

[Event "Championnat de France - Open A"]
[Site "Belfort - SNPHHUATVS"]
[Date "2010.08.15"]
[Round "6.10"]
[White "Moucheroud, Jeremy"]
[Black "Deslias, Gregoire"]
[Result "1-0"]
[WhiteElo "2083"]
[BlackElo "1942"]
[PlyCount "77"]
[EventDate "2010.??.??"]

1. e4 e5 2. Nf3 Nc6 3. d4 exd4 4. Bc4 Bc5 5. O-O Nf6 6. e5 d5 7. exf6 dxc4 8.
Re1+ Be6 9. Ng5 Qd5 10. Nc3 Qf5 11. Nce4 Bb6 12. Ng3 Qg6 13. fxg7 Rg8 14. Qh5
Nd8 15. Qxg6 hxg6 16. N5e4 Rxg7 17. Bh6 Kf8 18. Nf6 d3 19. c3 Nc6 20. Nge4 Ne7
21. a4 a5 22. Ng5 Nf5 23. Nxe6+ fxe6 24. Nd7+ Ke7 25. Nxb6 cxb6 26. Bxg7 Nxg7
27. Re4 Rc8 28. Rae1 Rc5 29. Kf1 Kd6 30. Rd4+ Kc6 31. Ree4 b5 32. Ke1 e5 33.
axb5+ Kxb5 34. Rd7 Ne6 35. Re7 Nf4 36. R4xe5 Nxg2+ 37. Kd2 Nh4 38. Rxb7+ Kc6
39. Rc7+ 1-0

[Event "Championnat de France - Open A"]
[Site "Belfort - SNPHHUATVS"]
[Date "2010.08.17"]
[Round "7.2"]
[White "Schmitt, Fabien"]
[Black "Ferry, Roger"]
[Result "1-0"]
[WhiteElo "2118"]
[BlackElo "2063"]
[PlyCount "91"]
[EventDate "2010.??.??"]

1. e4 e6 2. d4 c5 3. d5 exd5 4. exd5 d6 5. Nc3 Nf6 6. Nf3 Be7 7. Bb5+ Nbd7 8.
a4 O-O 9. O-O Ne5 10. Nxe5 dxe5 11. Re1 Bf5 12. Rxe5 Bg6 13. f4 Bd6 14. Re1 Qc7
15. Ne2 c4 16. b3 cxb3 17. cxb3 Bc2 18. Qd2 Bxb3 19. Kh1 a6 20. Bd3 Ng4 21.
Bxh7+ Kh8 22. Bf5 Nh6 23. Be4 Rfe8 24. Nd4 Bc4 25. Nf3 Ng4 26. g3 Nf6 27. Ng5
Nxe4 28. Rxe4 Rxe4 29. Nxe4 Re8 30. Qd4 f5 31. Nxd6 Re1+ 32. Kg2 Bf1+ 33. Kf3
Qc2 34. Qd2 Bg2+ 35. Kf2 Qc5+ 36. Kxe1 Qg1+ 37. Ke2 Qf1+ 38. Ke3 Qf3+ 39. Kd4
Qxd5+ 40. Kc3 Qa5+ 41. Kb2 Qb6+ 42. Ka3 Bc6 43. Qb4 Qf2 44. Nxf5 Qf3+ 45. Be3
Kh7 46. Qd4 1-0

[Event "Championnat de France - Open A"]
[Site "Belfort - SNPHHUATVS"]
[Date "2010.08.17"]
[Round "7.3"]
[White "Leuly, Max"]
[Black "Leroy, Olivier"]
[Result "1/2-1/2"]
[WhiteElo "2107"]
[BlackElo "2085"]
[PlyCount "55"]
[EventDate "2010.??.??"]

1. d4 Nf6 2. Nf3 g6 3. c4 Bg7 4. Nc3 d6 5. e4 O-O 6. Be2 e5 7. O-O Nc6 8. d5
Ne7 9. Ne1 Nd7 10. Nd3 f5 11. Bd2 Nf6 12. f3 f4 13. c5 g5 14. cxd6 cxd6 15. Nf2
h5 16. h3 Rf7 17. Qc2 Ng6 18. Rfc1 Bf8 19. Nb5 Ne8 20. a4 Bd7 21. Ra3 Qb8 22.
a5 Rg7 23. Rb3 a6 24. Nc7 Ra7 25. Ne6 Re7 26. Rc3 Kh8 27. Kf1 Ra8 28. Nc7
1/2-1/2

[Event "Championnat de France - Open A"]
[Site "Belfort - SNPHHUATVS"]
[Date "2010.08.17"]
[Round "7.4"]
[White "Lambert, Adrien"]
[Black "Stahl, Clement"]
[Result "1-0"]
[WhiteElo "2078"]
[BlackElo "2100"]
[PlyCount "77"]
[EventDate "2010.??.??"]

1. e4 c5 2. Nf3 d6 3. d4 cxd4 4. Nxd4 Nf6 5. Nc3 g6 6. g3 Nc6 7. Nde2 Bd7 8.
Bg2 Qc8 9. h3 Bg7 10. a4 h5 11. Be3 Nb4 12. Rc1 a5 13. Nd4 O-O 14. Qd2 Kh7 15.
f4 e6 16. Ndb5 d5 17. e5 Ne8 18. O-O f6 19. g4 hxg4 20. hxg4 fxe5 21. fxe5
Rxf1+ 22. Rxf1 Bxe5 23. Bd4 Nc6 24. Bxe5 Nxe5 25. Qf4 Bxb5 26. axb5 Qc7 27. g5
Rc8 28. Nxd5 Qc5+ 29. Ne3 Nc4 30. Qf7+ Ng7 31. Rf3 Qxe3+ 32. Rxe3 Nxe3 33. Be4
Nef5 34. Qxb7 Rc5 35. Bd3 Nd4 36. Qe7 Rxg5+ 37. Kf2 Rh5 38. b6 Rh2+ 39. Kg3 1-0

[Event "Championnat de France - Open A"]
[Site "Belfort - SNPHHUATVS"]
[Date "2010.08.17"]
[Round "7.5"]
[White "Lagunes, Jean-Renaud"]
[Black "Defrance, Laurent"]
[Result "1/2-1/2"]
[WhiteElo "2074"]
[BlackElo "2190"]
[PlyCount "22"]
[EventDate "2010.??.??"]

1. e4 e5 2. Nf3 Nf6 3. Nxe5 d6 4. Nf3 Nxe4 5. Nc3 Nxc3 6. dxc3 Be7 7. Bd3 Nd7
8. Be3 O-O 9. h4 h6 10. g4 Nc5 11. g5 h5 1/2-1/2

[Event "Championnat de France - Open A"]
[Site "Belfort - SNPHHUATVS"]
[Date "2010.08.17"]
[Round "7.6"]
[White "Carre, Sylvain"]
[Black "Milesi, Laurent"]
[Result "1/2-1/2"]
[WhiteElo "2070"]
[BlackElo "2148"]
[PlyCount "117"]
[EventDate "2010.??.??"]

1. d4 e6 2. Bf4 b6 3. e3 Bb7 4. Nf3 f5 5. Bd3 Nf6 6. Nbd2 Be7 7. c3 O-O 8. h3
c5 9. O-O Qe8 10. Ne5 Nc6 11. Ndc4 d6 12. Nxc6 Qxc6 13. f3 Nd5 14. Bh2 cxd4 15.
exd4 Rf6 16. Qe2 Raf8 17. Ne3 Nc7 18. Kh1 Qd7 19. Rae1 Kh8 20. c4 Rh6 21. Nxf5
Rh5 22. Nxe7 Qxe7 23. Be4 Bc8 24. f4 g6 25. Bf3 Ra5 26. b4 Raf5 27. Bg4 R5f7
28. d5 h5 29. Bxe6 Nxe6 30. dxe6 Rf6 31. f5 Rxf5 32. Rxf5 Rxf5 33. Bxd6 Qxd6
34. e7 Bd7 35. Rd1 Qf6 36. e8=Q+ Bxe8 37. Qxe8+ Kh7 38. Qd7+ Kh6 39. Qd2+ Kh7
40. Qd7+ Kh6 41. Qd2+ Kh7 42. Qe2 a5 43. Rd7+ Kh6 44. Qd2+ Qg5 45. Qxg5+ Kxg5
46. bxa5 Rxa5 47. Rd6 Rc5 48. Rxb6 Rxc4 49. Ra6 Rc1+ 50. Kh2 h4 51. a4 Ra1 52.
a5 Kh6 53. Ra8 Kh5 54. a6 Kh6 55. a7 Kg7 56. g4 hxg3+ 57. Kxg3 Ra4 58. Kf3 Kh7
59. Kg3 1/2-1/2

[Event "Championnat de France - Open A"]
[Site "Belfort - SNPHHUATVS"]
[Date "2010.08.17"]
[Round "7.8"]
[White "Cristofari, Antoine"]
[Black "Moucheroud, Jeremy"]
[Result "1-0"]
[WhiteElo "2123"]
[BlackElo "2083"]
[PlyCount "77"]
[EventDate "2010.??.??"]

1. e4 c5 2. Nf3 Nc6 3. d4 cxd4 4. Nxd4 Nf6 5. Nc3 e5 6. Ndb5 d6 7. Bg5 a6 8.
Na3 b5 9. Nd5 Be7 10. Bxf6 Bxf6 11. c4 b4 12. Nc2 a5 13. Qf3 Bg5 14. h4 Bh6 15.
g4 Bf4 16. Nxf4 Qf6 17. O-O-O Qxf4+ 18. Qxf4 exf4 19. Rxd6 Ne5 20. Nd4 Bxg4 21.
Rd5 f6 22. Rg1 O-O 23. f3 Bd7 24. Be2 a4 25. Kb1 Rfd8 26. Rd1 Be8 27. Ne6 Rdc8
28. c5 Ng6 29. Rd6 Nxh4 30. Rc1 Ra5 31. c6 Ng6 32. c7 Ne7 33. Nxf4 Ra7 34. Bc4+
Kh8 35. Be6 Rcxc7 36. Rxc7 Rxc7 37. Rd8 g6 38. Rxe8+ Kg7 39. Nd5 1-0

[Event "Championnat de France - Open A"]
[Site "Belfort - SNPHHUATVS"]
[Date "2010.08.17"]
[Round "7.9"]
[White "Prost, Frederic"]
[Black "Armand, Jerome"]
[Result "1-0"]
[WhiteElo "2122"]
[BlackElo "2008"]
[PlyCount "87"]
[EventDate "2010.??.??"]

1. d4 Nf6 2. c4 c5 3. d5 b5 4. Nf3 Bb7 5. Nc3 b4 6. Na4 d6 7. Qc2 g6 8. e4 Bg7
9. Bd3 Nbd7 10. O-O O-O 11. h3 e5 12. Bg5 Qc7 13. Qe2 Rae8 14. g4 Bc8 15. Nd2
h6 16. Bh4 Nh7 17. f3 Kh8 18. a3 a5 19. Ra2 Bf6 20. Bf2 Bg5 21. b3 Qd8 22. axb4
axb4 23. Nb2 Bf4 24. Bb1 Qg5 25. Nd3 h5 26. Nxf4 exf4 27. Qe1 Ne5 28. Ra7 hxg4
29. Bh4 Qh6 30. hxg4 g5 31. Bf2 Qh3 32. Qe2 Bxg4 33. fxg4 f3 34. Nxf3 Nxf3+ 35.
Qxf3 Qxf3 36. Bd4+ cxd4 37. Rxf3 Kg7 38. Rf5 Ra8 39. Rxa8 Rxa8 40. e5 Ra1 41.
Rf1 Nf8 42. exd6 Ra6 43. c5 Ra3 44. c6 1-0

[Event "Championnat de France - Open A"]
[Site "Belfort - SNPHHUATVS"]
[Date "2010.08.17"]
[Round "7.10"]
[White "Ollier, Milan"]
[Black "Achereiner, Guillaume"]
[Result "1-0"]
[WhiteElo "2116"]
[BlackElo "2028"]
[PlyCount "67"]
[EventDate "2010.??.??"]

1. e4 c5 2. Nf3 Nc6 3. Bb5 g6 4. Bxc6 dxc6 5. h3 Bg7 6. d3 Nf6 7. Nc3 O-O 8.
Be3 b6 9. Qd2 e5 10. Bh6 Qd6 11. O-O Nh5 12. Bxg7 Kxg7 13. Ne2 f6 14. Qc3 Be6
15. Rfe1 g5 16. g4 Nf4 17. Nxf4 gxf4 18. Kf1 Kf7 19. Ke2 b5 20. b3 h5 21. Rg1
hxg4 22. hxg4 b4 23. Qb2 Qd7 24. g5 Bg4 25. Rxg4 Qxg4 26. gxf6 Rae8 27. Rg1 Qh5
28. Rg5 Qh6 29. Rf5 Kg8 30. Nxe5 Re6 31. f7+ Kh7 32. Nd7 Rxf7 33. Rxf7+ Kg6 34.
Rf6+ 1-0

[Event "Championnat de France - Open A"]
[Site "Belfort - SNPHHUATVS"]
[Date "2010.08.18"]
[Round "8.1"]
[White "Lambert, Adrien"]
[Black "Ricter, Jean-Paul"]
[Result "1/2-1/2"]
[WhiteElo "2078"]
[BlackElo "2083"]
[PlyCount "81"]
[EventDate "2010.??.??"]

1. e4 d6 2. d4 Nf6 3. Nc3 Nbd7 4. f4 e5 5. Nf3 exd4 6. Qxd4 Nc5 7. Be3 c6 8.
O-O-O Qc7 9. e5 dxe5 10. fxe5 Ne6 11. Qh4 Nd7 12. Bc4 Nb6 13. Bb3 Bd7 14. Ne4
Be7 15. Nd6+ Qxd6 16. Rxd6 Bxh4 17. Nxh4 O-O-O 18. Rhd1 Kc7 19. Nf5 Bc8 20.
Bxe6 Bxe6 21. Nxg7 Bd5 22. Rxd8 Rxd8 23. g3 Rg8 24. Nf5 Be6 25. Nd4 Nd5 26.
Nxe6+ fxe6 27. Bc5 b6 28. Bd6+ Kb7 29. Rf1 Rg7 30. Kd2 c5 31. c4 Nb4 32. Rf6
Nxa2 33. Rxe6 Nb4 34. Re7+ Rxe7 35. Bxe7 Nc6 36. Bd6 Kc8 37. Ke3 Kd7 38. Ke4
Ke6 39. g4 Na5 40. Kd3 Nc6 41. Ke4 1/2-1/2

[Event "Championnat de France - Open A"]
[Site "Belfort - SNPHHUATVS"]
[Date "2010.08.18"]
[Round "8.2"]
[White "Cristofari, Antoine"]
[Black "Schmitt, Fabien"]
[Result "1-0"]
[WhiteElo "2123"]
[BlackElo "2118"]
[PlyCount "43"]
[EventDate "2010.??.??"]

1. e4 c5 2. Nf3 e6 3. d4 cxd4 4. Nxd4 Nf6 5. Nc3 d6 6. Be2 Nc6 7. Be3 Be7 8.
Qd2 a6 9. O-O-O Qc7 10. f4 Nd7 11. Rhf1 Na5 12. g4 Nc4 13. Bxc4 Qxc4 14. f5 Ne5
15. fxe6 fxe6 16. Bg5 Rf8 17. b3 Bxg5 18. Qxg5 Qxc3 19. Rxf8+ Kxf8 20. Qd8+ Kf7
21. Rf1+ Kg6 22. Qe8+ 1-0

[Event "Championnat de France - Open A"]
[Site "Belfort - SNPHHUATVS"]
[Date "2010.08.18"]
[Round "8.3"]
[White "Leroy, Olivier"]
[Black "Prost, Frederic"]
[Result "1/2-1/2"]
[WhiteElo "2085"]
[BlackElo "2122"]
[PlyCount "43"]
[EventDate "2010.??.??"]

1. e4 c5 2. Nf3 d6 3. d4 cxd4 4. Nxd4 Nf6 5. Nc3 g6 6. Be3 Bg7 7. f3 O-O 8. Qd2
Nc6 9. Bc4 Bd7 10. Bb3 Qa5 11. O-O-O Rfc8 12. g4 Ne5 13. h4 b5 14. h5 Nc4 15.
Bxc4 bxc4 16. Bh6 Bh8 17. Nf5 Bxf5 18. gxf5 Nxh5 19. Rxh5 Bxc3 20. Qxc3 Qxc3
21. bxc3 gxh5 22. Rg1+ 1/2-1/2

[Event "Championnat de France - Open A"]
[Site "Belfort - SNPHHUATVS"]
[Date "2010.08.18"]
[Round "8.4"]
[White "Ferry, Roger"]
[Black "Ollier, Milan"]
[Result "0-1"]
[WhiteElo "2063"]
[BlackElo "2116"]
[PlyCount "76"]
[EventDate "2010.??.??"]

1. d4 Nf6 2. Nf3 g6 3. Bf4 Bg7 4. e3 d5 5. h3 c5 6. c3 Qb6 7. Qb3 c4 8. Qc2 Bf5
9. Qc1 Qa5 10. Nbd2 b5 11. Ne5 Nfd7 12. Ndf3 f6 13. Nxd7 Nxd7 14. Be2 e5 15.
Bg3 O-O 16. O-O Rfe8 17. Rd1 Nb6 18. Rd2 b4 19. Bd1 Bd3 20. cxb4 Qxb4 21. Qc3
Qe7 22. Qa5 e4 23. Ne1 Bf8 24. a3 Rec8 25. Ba4 Qe6 26. Nxd3 cxd3 27. Bb3 Bd6
28. Bxd6 Qxd6 29. Rdd1 Nc4 30. Qb4 Qxb4 31. axb4 Rab8 32. Bxc4 Rxc4 33. Ra5
Rcxb4 34. Rxd5 Rxb2 35. Rc5 Rc2 36. Ra5 d2 37. Kf1 Rb1 38. Ke2 Rcc1 0-1

[Event "Championnat de France - Open A"]
[Site "Belfort - SNPHHUATVS"]
[Date "2010.08.18"]
[Round "8.5"]
[White "Gelin, Baptiste"]
[Black "Leuly, Max"]
[Result "1/2-1/2"]
[WhiteElo "1919"]
[BlackElo "2107"]
[PlyCount "50"]
[EventDate "2010.??.??"]

1. e4 c5 2. Nf3 d6 3. d4 cxd4 4. Nxd4 Nf6 5. Nc3 g6 6. Be3 Bg7 7. f3 O-O 8. Bc4
Nc6 9. Qd2 Bd7 10. O-O-O Ne5 11. Bb3 Rc8 12. Kb1 Nc4 13. Bxc4 Rxc4 14. g4 Qc7
15. h4 Rc8 16. h5 Qa5 17. Nb3 Qe5 18. f4 Qxc3 19. bxc3 Nxe4 20. Qd3 Nxc3+ 21.
Kc1 Nxa2+ 22. Kb1 Nc3+ 23. Kc1 Na2+ 24. Kb1 Nc3+ 25. Kc1 Na2+ 1/2-1/2

[Event "Championnat de France - Open A"]
[Site "Belfort - SNPHHUATVS"]
[Date "2010.08.18"]
[Round "8.7"]
[White "Defrance, Laurent"]
[Black "Stahl, Clement"]
[Result "1/2-1/2"]
[WhiteElo "2190"]
[BlackElo "2100"]
[PlyCount "125"]
[EventDate "2010.??.??"]

1. d4 Nf6 2. c4 b6 3. Nf3 Bb7 4. g3 e6 5. Bg2 c5 6. O-O cxd4 7. Nxd4 Bxg2 8.
Kxg2 a6 9. Nc3 Qc7 10. Qd3 Qb7+ 11. e4 d6 12. b3 Nbd7 13. f3 Be7 14. Bb2 O-O
15. Rfd1 Rfe8 16. Rac1 Rad8 17. Qe2 Bf8 18. Nc2 Rb8 19. Ba3 Nc5 20. Bxc5 bxc5
21. e5 dxe5 22. Qxe5 Rbd8 23. Na4 Qc6 24. Qe1 Qc7 25. Rxd8 Rxd8 26. Rd1 h5 27.
Rxd8 Qxd8 28. Qe3 Qd1 29. Ne1 Nd7 30. Kf2 Bd6 31. Qd3 Qxd3 32. Nxd3 a5 33. Nc3
Kf8 34. Ke3 Ke7 35. Ne4 g6 36. Ke2 f5 37. Nxd6 Kxd6 38. Nf4 Nf8 39. Ke3 e5 40.
Nd3 Ne6 41. f4 exf4+ 42. gxf4 Nd4 43. Ne5 Nc2+ 44. Kd2 Nd4 45. h3 g5 46. Nf7+
Ke6 47. Nxg5+ Kf6 48. h4 Ke7 49. Nh3 Nf3+ 50. Kc3 Nxh4 51. a3 Ng6 52. b4 axb4+
53. axb4 cxb4+ 54. Kxb4 Kd6 55. Kb5 h4 56. Kb6 Ne7 57. Ng5 Nc8+ 58. Kb5 Na7+
59. Kb4 Nc6+ 60. Kc3 Ne7 61. Kd4 Nc6+ 62. Kc3 Ne7 63. Kd4 1/2-1/2

[Event "Championnat de France - Open A"]
[Site "Belfort - SNPHHUATVS"]
[Date "2010.08.18"]
[Round "8.8"]
[White "Kirk, Ezra"]
[Black "Aurel, Luc"]
[Result "1-0"]
[WhiteElo "1998"]
[BlackElo "2185"]
[PlyCount "97"]
[EventDate "2010.??.??"]

1. d4 d6 2. c4 Nd7 3. Nf3 e5 4. e3 Ngf6 5. Nc3 g6 6. Be2 Bg7 7. O-O O-O 8. Qc2
Re8 9. dxe5 dxe5 10. Rd1 c6 11. b3 e4 12. Nd2 Qe7 13. Bb2 h5 14. h3 Nf8 15. a3
N8h7 16. b4 Bf5 17. c5 Ng5 18. Bf1 Ng4 19. hxg4 hxg4 20. Ne2 Nf3+ 21. gxf3 gxf3
22. Ng3 Qh4 23. Nc4 Bh3 24. Nd6 Bxf1 25. Kxf1 Bxb2 26. Qxb2 Re6 27. Ke1 Qh2 28.
Ndxe4 Rae8 29. Kd2 Rxe4 30. Nxe4 Rxe4 31. Kd3 Qh5 32. Kc2 Qf5 33. Rd3 Rh4 34.
Kd2 Qg5 35. Rg1 Qe7 36. Ke1 Kh7 37. Rd4 Rh2 38. Qb3 Rh3 39. Qc4 Qf6 40. a4 Qf5
41. Rh4+ Rxh4 42. Qxh4+ Kg7 43. Qd4+ f6 44. e4 Qf4 45. Kd1 Qh2 46. Re1 Qh3 47.
e5 fxe5 48. Qxe5+ Kh6 49. Qh8+ 1-0

[Event "Championnat de France - Open A"]
[Site "Belfort - SNPHHUATVS"]
[Date "2010.08.18"]
[Round "8.9"]
[White "Milesi, Laurent"]
[Black "Lagunes, Jean-Renaud"]
[Result "1-0"]
[WhiteElo "2148"]
[BlackElo "2074"]
[PlyCount "85"]
[EventDate "2010.??.??"]

1. f4 d5 2. Nf3 Nf6 3. g3 e6 4. Bg2 Bd6 5. b3 Nbd7 6. Bb2 Qe7 7. c4 c6 8. O-O
O-O 9. Ne5 Re8 10. e3 Ne4 11. d3 Bxe5 12. fxe5 Nec5 13. b4 Na6 14. a3 Nc7 15.
Nd2 b6 16. Qg4 Bb7 17. Rf4 a5 18. Raf1 Rf8 19. bxa5 Rxa5 20. Nf3 Rxa3 21. Ng5
Ra2 22. Nxh7 Kxh7 23. Qh3+ Kg8 24. Rh4 Qxh4 25. Qxh4 Rxb2 26. Qe7 Bc8 27. Qd6
Na6 28. cxd5 cxd5 29. d4 Nab8 30. Ra1 Bb7 31. Bf1 Rc8 32. Bd3 Rc3 33. Rd1 Rbb3
34. Bb1 Rb2 35. Qe7 Rcb3 36. Bd3 Rxd3 37. Rxd3 Ba6 38. Ra3 Rb1+ 39. Kg2 Bb7 40.
Ra7 Bc6 41. Rc7 Bb5 42. Rc8+ Kh7 43. Qh4+ 1-0